[Event "AUT-ch U10 Online Rapid"]
[Site "Playchess.com INT"]
[Date "2020.12.13"]
[Round "5"]
[White "Depaoli Hauser, Noel Elijah"]
[Black "Kriha, Jonas"]
[Result "1-0"]
[WhiteElo "1520"]
[BlackElo "1363"]
[PlyCount "77"]
[EventDate "2020.12.13"]
[EventType "swiss (rapid)"]
[EventRounds "7"]
[EventCountry "AUT"]
[SourceTitle "EXT 2022"]
[Source "ChessBase"]
[SourceDate "2021.10.06"]
[SourceVersion "1"]
[SourceVersionDate "2021.10.06"]
[SourceQuality "1"]

1. e4 e5 2. Nf3 Nc6 3. d4 f6 4. Bb5 a6 5. Bxc6 dxc6 6. 0-0 Bg4 7. dxe5 fxe5 8. Qxd8+ Kxd8 9. Rd1+ Kc8 10. Bg5 Be7 11. Bxe7 Nxe7 12. Rd3 Kb8 13. Nc3 Ka7 14. h3 Bxf3 15. Rxf3 Rad8 16. Rd3 Rxd3 17. cxd3 Rd8 18. Rd1 Ng6 19. f3 Nf4 20. Kf2 Nxd3+ 21. Ke3 Nxb2 22. Rxd8 Nc4+ 23. Kd3 Nb2+ 24. Kc2 Nc4 25. Rd7 Kb6 26. Kd3 Nb2+ 27. Ke2 Nc4 28. Rxg7 a5 29. g4 a4 30. Rxh7 Na3 31. g5 Nc4 32. Nxa4+ Ka5 33. g6 Nd6 34. g7 Kxa4 35. g8Q c5 36. Qb3+ Ka5 37. Rh8 Nb5 38. Ra8+ Na7 39. Rxa7# 1-0

[Event "AUT-ch U10 Online Blitz"]
[Site "Playchess.com INT"]
[Date "2020.12.11"]
[Round "3"]
[White "Karaagac, Deniz"]
[Black "Kriha, Jonas"]
[Result "0-1"]
[WhiteElo "1620"]
[BlackElo "1620"]
[PlyCount "94"]
[EventDate "2020.12.11"]
[EventType "swiss (blitz)"]
[EventRounds "7"]
[EventCountry "AUT"]
[SourceTitle "EXT 2022"]
[Source "ChessBase"]
[SourceDate "2021.10.06"]
[SourceVersion "1"]
[SourceVersionDate "2021.10.06"]
[SourceQuality "1"]

1. d4 d5 2. Nc3 Nf6 3. Bf4 Nc6 4. Nb5 e5 5. dxe5 Nxe5 6. Bxe5 c6 7. Nc7+ Kd7 8. Nxa8 Qe7 9. Nf3 Qb4+ 10. c3 Qe4 11. Ng5 Bc5 12. Nc7 Qxe5 13. Nxf7 Qf5 14. Nxh8 Qxf2+ 15. Kd2 Qe3+ 16. Kc2 Kxc7 17. Qd3 Qf2 18. Nf7 Bf5 19. Qxf5 Qxf5+ 20. Kc1 Be3+ 21. Kd1 d4 22. cxd4 Qd5 23. Kc2 Qc4+ 24. Kd1 Qxd4+ 25. Kc2 Qd2+ 26. Kb3 Qd5+ 27. Ka3 Bc5+ 28. b4 Bd4 29. Rd1 Bb2+ 30. Kxb2 Qxd1 31. e4 Qd4+ 32. Kc1 Qe3+ 33. Kc2 Qxe4+ 34. Bd3 Qxb4 35. Rb1 Qa4+ 36. Kd2 Qxa2+ 37. Bc2 Qxf7 38. Re1 Qd5+ 39. Kc1 Qg5+ 40. Kb1 Qd2 41. Re7+ Kb6 42. Rxg7 Qe1+ 43. Kb2 Qb4+ 44. Bb3 Qd2+ 45. Kb1 Nd5 46. Rd7 Nc3+ 47. Ka1 Qc1# 0-1